000 00267nam a2200109Ia 4500
008 220204s9999 xx 000 0 und d
082 _a82-3GRE
_bGRE
100 _aGreene, Graham
245 0 _aHeart of the matter etc
260 _aLondon
_bHeinemann
_c1977
942 _cBK
999 _c27291
_d27291